[Event "24 hours !!!"]
[Site "http://www.queenalice.com/game.php?id=1232250"]
[Date "2013.11.14"]
[Round "-"]
[White "magalhaes_br"]
[Black "george76"]
[Result "0-1"]
[WhiteElo "1422"]
[BlackElo "1324"]

1. e4 Nc6 2. Nc3 e5 3. Nce2 Bc5 4. Ng3 d5 5. Nf3 Nf6 6. d3 Bg4 7. h3 dxe4 8.
Nxe4 Nxe4 9. dxe4 Qxd1+ 10. Kxd1 Bxf3+ 11. gxf3 Bxf2 12. Rh2 O-O-O+ 13. Ke2 Bh4
14. b3 Nd4+ 15. Kd2 Nxf3+ 16. Ke3 Nxh2 17. c4 Nxf1+ 18. Ke2 Ng3+ 19. Ke3 Rd4 20.
Kf3 h6 21. Bb2 Rxe4 22. Rd1 Rd8 23. Rd5 Rxd5 24. cxd5 Kd7 25. a4 f5 26. b4 a6
27. Bc3 c6 28. a5 cxd5 29. Kg2 d4 30. Bd2 Re2+ 31. Kf3 g5 32. Bxg5 hxg5 33. b5
e4# 0-1

[Event "24"]
[Site "http://www.queenalice.com/game.php?id=1232488"]
[Date "2013.11.14"]
[Round "-"]
[White "george76"]
[Black "RobertD"]
[Result "1-0"]
[WhiteElo "1344"]
[BlackElo "1915"]

1. Nf3 d5 2. g3 c5 3. d4 e6 4. c4 Nf6 5. a3 b6 6. e3 Bb7 7. cxd5 Bxd5 8. Bg2 Be7
9. O-O O-O 10. Nc3 Nbd7 11. Nxd5 Nxd5 12. Ne5 Rc8 13. Qa4 Qc7 14. Nxd7 Rfd8 15.
Ne5 1-0

[Event "Challenge"]
[Site "http://www.queenalice.com/game.php?id=1232660"]
[Date "2013.11.15"]
[Round "-"]
[White "george76"]
[Black "Cheshco"]
[Result "0-1"]
[WhiteElo "1374"]
[BlackElo "2450"]

1. c4 Nf6 2. g3 e5 3. d3 Nc6 4. Bg5 d5 5. Bxf6 gxf6 6. cxd5 Qxd5 7. e4 Qb5 8. b3
Bb4+ 9. Nd2 Be6 10. d4 Qa5 11. d5 Bxd5 12. Bg2 Be6 13. Nf3 O-O-O 14. a3 Bc3 15.
b4 Nxb4 16. Rb1 Bxd2+ 17. Nxd2 Nd3+ 18. Ke2 Nxf2 19. Qc2 Rxd2+ 20. Qxd2 Bg4+ 21.
Bf3 Bxf3+ 22. Kxf2 Qxd2+ 23. Kxf3 Rd8 24. Kg4 Qe2+ 25. Kh3 Qh5+ 26. Kg2 Rd2+ 27.
Kg1 Qe2 28. Rxb7 Qg2# 0-1

[Event "Let's Play Chess!"]
[Site "http://www.queenalice.com/game.php?id=1233368"]
[Date "2013.11.19"]
[Round "-"]
[White "paolop69"]
[Black "george76"]
[Result "1/2-1/2"]
[WhiteElo "1649"]
[BlackElo "1372"]

1. e4 c5 2. c3 d5 3. d3 dxe4 4. dxe4 Qxd1+ 5. Kxd1 Nc6 6. Ke1 a6 7. f3 e5 8. Be3
Nf6 9. Bc4 Be6 10. Nd2 Bxc4 11. Nxc4 Be7 12. Nb6 Rd8 13. Rd1 O-O 14. Rxd8 Rxd8
15. Ne2 Nb8 16. Kf2 h6 17. Ng3 Bf8 18. Ke2 Ne8 19. Rd1 Rxd1 20. Kxd1 a5 21. Nc4
Nd7 22. Nxa5 Nd6 23. b3 b6 24. Nc4 Nxc4 25. bxc4 g6 26. a4 f6 27. Kd2 Kg7 28. h3
Bd6 29. Ne2 Nf8 30. g4 Ne6 31. Ke1 Kf7 32. Kf2 g5 33. Ng3 Ng7 34. Ke2 Bc7 35.
Kd2 Bd6 36. Ke2 1/2-1/2

[Event "Let's Play Chess!"]
[Site "http://www.queenalice.com/game.php?id=1234300"]
[Date "2013.11.22"]
[Round "-"]
[White "greggy"]
[Black "george76"]
[Result "1-0"]
[WhiteElo "1841"]
[BlackElo "1413"]

1. e4 c5 2. Nf3 d6 3. Bb5+ Bd7 4. Bxd7+ Qxd7 5. O-O Nc6 6. c3 g6 7. d4 O-O-O 8.
d5 Na5 9. Nbd2 Bg7 10. Rb1 b6 11. b4 Nb7 12. Qb3 h6 13. bxc5 Nxc5 14. Qc4 Qc7
15. Nd4 Kd7 16. Qb5+ Kc8 17. Ba3 Rd7 18. Bxc5 dxc5 19. Nc6 Qb7 20. Nc4 Nf6 21.
Nxe7+ 1-0

[Event "Let's Play Chess!"]
[Site "http://www.queenalice.com/game.php?id=1321816"]
[Date "2014.11.14"]
[Round "-"]
[White "george76"]
[Black "igorjava"]
[Result "1-0"]
[WhiteElo "1415"]
[BlackElo "1852"]

1. c4 e5 2. Nc3 Nf6 3. g3 Bb4 4. Bg2 Bxc3 5. bxc3 d6 6. e4 Bg4 7. f3 Be6 8. d3
h6 9. h4 c6 10. Rb1 b6 11. Ne2 O-O 12. g4 Nh7 13. Kf2 Nd7 14. Be3 Nhf6 15. g5
hxg5 16. hxg5 Nh7 17. Rxh7 Kxh7 18. Qh1+ Kg8 19. Qh5 f6 20. g6 Re8 21. Qh7+ Kf8
22. Qh8+ Ke7 23. Qxg7+ 1-0

[Event "Let's Play Chess!"]
[Site "http://www.queenalice.com/game.php?id=1325392"]
[Date "2014.12.1"]
[Round "-"]
[White "george76"]
[Black "ketchuplover"]
[Result "1-0"]
[WhiteElo "1495"]
[BlackElo "1865"]

1. c4 Nf6 2. Nf3 b6 3. e3 Bb7 4. Be2 g6 5. Nc3 c5 6. O-O Bg7 7. d3 Nc6 8. e4 O-O
9. Be3 a6 10. h3 e6 11. a3 d5 12. e5 Nd7 13. cxd5 Ncxe5 14. Nxe5 Nxe5 15. d4
cxd4 16. Bxd4 exd5 17. Bxe5 Bxe5 18. Bf3 Bxc3 19. bxc3 Rc8 20. Qb3 Re8 21. Rfd1
Rc5 22. Rd4 Re7 23. Rad1 Rd7 24. c4 dxc4 25. Rxd7 Qxd7 26. Qxb6 Rd5 27. Bxd5
Bxd5 28. Qc5 1-0

[Event "AUTO-INT-2929"]
[Site "http://www.queenalice.com/game.php?id=1325593"]
[Date "2014.12.1"]
[Round "1"]
[White "JORAM2205"]
[Black "george76"]
[Result "0-1"]
[WhiteElo "1692"]
[BlackElo "1439"]

1. e4 e5 2. Nf3 Nc6 3. d3 Bc5 4. Nc3 Nf6 5. h3 h5 6. Bg5 d6 7. d4 Bb4 8. Qd2
Nxe4 9. Qe3 Nxg5 10. Nxg5 Nxd4 11. Bd3 Bc5 12. Qg3 h4 13. Nxf7 hxg3 14. Nxd8
gxf2+ 15. Kf1 O-O 16. Bc4+ Kh7 17. Nf7 Kg6 18. Na4 Be6 19. Bd3+ Kxf7 20. Kxf2
Ke7+ 21. Kg3 Nf5+ 22. Kf3 Nh4+ 23. Kg3 Bf2+ 24. Kh2 Bd5 25. Bf1 Nf5 26. Nc3 Bc6
27. Rd1 Ne3 28. Rc1 Ng4+ 29. hxg4 Rh8# 0-1

[Event "AUTO-INT-2929"]
[Site "http://www.queenalice.com/game.php?id=1325594"]
[Date "2014.12.1"]
[Round "1"]
[White "george76"]
[Black "JORAM2205"]
[Result "0-1"]
[WhiteElo "1445"]
[BlackElo "1686"]

1. c4 Nc6 2. g3 e5 3. Bg2 Qf6 4. Nc3 Bc5 5. e3 a6 6. Nge2 d6 7. Nd5 Qd8 8. a3
Ba7 9. d4 Nf6 10. Nxf6+ Qxf6 11. d5 Ne7 12. O-O O-O 13. h3 Qh6 14. Kh2 Bg4 15.
Qd2 Nf5 16. Ng1 Qh5 17. f3 Bxh3 18. Nxh3 Nxe3 19. Re1 Nxc4 20. Qg5 Qxg5 21. Nxg5
Bd4 22. Ra2 h6 23. Nh3 Nb6 24. f4 Rae8 25. fxe5 Bxe5 26. Bd2 Nc4 27. b3 Nxd2 28.
Rxd2 Bxg3+ 29. Kxg3 Rxe1 30. Bf3 Re3 31. Rc2 Rc8 32. Ng1 Rxb3 33. Ne2 Rxa3 34.
Nd4 g6 35. Kf4 Kg7 36. Bg4 g5+ 37. Kf5 Re8 38. Re2 Ra4 39. Ne6+ fxe6+ 40. Rxe6
Rf4# 0-1

[Event "AUTO-INT-2929"]
[Site "http://www.queenalice.com/game.php?id=1325607"]
[Date "2014.12.1"]
[Round "1"]
[White "george76"]
[Black "kanibal"]
[Result "1-0"]
[WhiteElo "1547"]
[BlackElo "1689"]

1. c4 Nc6 2. Nf3 e5 3. Nc3 Bb4 4. Nd5 Bc5 5. e3 Nf6 6. d4 Bb4+ 7. Nxb4 Nxb4 8.
Nxe5 O-O 9. Qb3 Nc6 10. c5 Nxe5 11. dxe5 Ne4 12. Qc4 d5 13. cxd6 Ng5 14. Qxc7
Qxc7 15. dxc7 Be6 16. f3 Bd7 17. Bd2 Rac8 18. Rc1 Bc6 19. Bb4 Rfe8 20. Bd6 f6
21. Bc4+ Kh8 22. h4 Ne6 23. exf6 gxf6 24. Bxe6 Rxe6 25. Bf4 Re7 26. Kf2 Rd7 27.
Rhd1 Rxd1 28. Rxd1 Kg7 29. Rd8 Rxd8 30. cxd8=Q Kg6 31. Qa5 a6 32. h5+ Kf7 33.
Qc7+ Ke6 34. Qxh7 Bd5 35. Qg8+ Kf5 36. g4# 1-0

[Event "AUTO-INT-2929"]
[Site "http://www.queenalice.com/game.php?id=1325608"]
[Date "2014.12.1"]
[Round "1"]
[White "kanibal"]
[Black "george76"]
[Result "0-1"]
[WhiteElo "1686"]
[BlackElo "1525"]

1. d4 Nf6 2. Nc3 d5 3. Nf3 Nc6 4. Bg5 Ne4 5. Nxe4 dxe4 6. Nh4 Nxd4 7. e3 Nc6 8.
Bb5 Qxd1+ 9. Rxd1 f6 10. Bf4 e5 11. Bg3 g5 12. O-O gxh4 13. Bxh4 Be7 14. Bxc6+
bxc6 15. f3 exf3 16. Rxf3 Bg4 17. Rd3 Bxf3 18. gxf3 Kf7 19. e4 Rhg8+ 20. Kf2
Rad8 21. Rc3 Rd2+ 22. Ke3 Rxh2 23. Be1 Bb4 24. Rxc6 Bxe1 25. Rxc7+ Kg6 26. Rxa7
Bf2+ 0-1

[Event "AUTO-INT-2929"]
[Site "http://www.queenalice.com/game.php?id=1325609"]
[Date "2014.12.1"]
[Round "1"]
[White "george76"]
[Black "dan2015"]
[Result "1-0"]
[WhiteElo "1465"]
[BlackElo "1474"]

1. c4 c5 2. Nc3 b6 3. Nf3 Nf6 4. e3 e5 5. Nxe5 Bd6 6. Nf3 Be7 7. d4 d5 8. dxc5
Bxc5 9. cxd5 O-O 10. Bc4 Bg4 11. O-O Nbd7 12. Be2 Bxf3 13. Bxf3 Ne5 14. Ne4
Nxf3+ 15. Qxf3 Nxd5 16. Nxc5 bxc5 17. Rd1 Qa5 18. Bd2 Qd8 19. Bc3 1-0

[Event "AUTO-INT-2929"]
[Site "http://www.queenalice.com/game.php?id=1325610"]
[Date "2014.12.1"]
[Round "1"]
[White "dan2015"]
[Black "george76"]
[Result "0-1"]
[WhiteElo "1441"]
[BlackElo "1481"]

1. e4 c5 2. Bc4 Nc6 3. Nf3 e6 4. O-O Nf6 5. d3 d6 6. Bb5 Be7 7. Bxc6+ bxc6 8.
Nc3 e5 9. Re1 Bg4 10. Re3 O-O 11. h3 Bh5 12. b3 h6 13. Bd2 Nh7 14. g4 Bg6 15.
Ne2 Ng5 16. Nh4 Nxh3+ 17. Kf1 Bxh4 18. Rxh3 h5 19. gxh5 Bxh5 20. Qe1 f5 21. Ng3
Bg4 22. Rh2 Bxg3 23. fxg3 fxe4+ 24. Rf2 Rxf2+ 25. Qxf2 Qf8 26. Qxf8+ Rxf8+ 27.
Kg2 exd3 28. cxd3 Rf3 29. Rf1 Rxd3 30. Rf2 e4 0-1

[Event "Challenge"]
[Site "http://www.queenalice.com/game.php?id=1350422"]
[Date "2015.3.28"]
[Round "-"]
[White "ledeon"]
[Black "george76"]
[Result "0-1"]
[WhiteElo "1485"]
[BlackElo "1569"]

1. d4 g6 2. c4 c5 3. Nc3 d6 4. dxc5 dxc5 5. Qxd8+ Kxd8 6. Nf3 f6 7. e4 e5 8. Nd5
Be6 9. Bd3 Bg7 10. Bd2 Ne7 11. Bc3 Nd7 12. b4 Nc8 13. a4 Nd6 14. Kd2 Bxd5 15.
cxd5 Bh6+ 16. Kc2 Rc8 17. Kb2 cxb4 18. Bxb4 Nc5 19. Bxc5 Rxc5 20. Kb3 f5 21.
Nxe5 fxe4 22. Bxe4 Nxe4 23. Nf7+ Kd7 24. Nxh8 Nd2+ 25. Kb4 Bf8 26. Rhd1 Rc4+ 27.
Kb5 Rb4+ 0-1

[Event "AUTO-INT-2929"]
[Site "http://www.queenalice.com/game.php?id=1354320"]
[Date "2015.4.18"]
[Round "2"]
[White "rodracena"]
[Black "george76"]
[Result "1/2-1/2"]
[WhiteElo "1799"]
[BlackElo "1652"]

1. d4 Nf6 2. c4 e6 3. Nf3 d5 4. Nc3 Be7 5. Bg5 O-O 6. e3 b6 7. cxd5 exd5 8. Be2
Ne4 9. Bxe7 Qxe7 10. Nxd5 Qd6 11. Nc3 Bb7 12. O-O Nd7 13. Rc1 a6 14. Nxe4 Bxe4
15. Nd2 Bg6 16. Nc4 Qe7 17. Re1 Nf6 18. Ne5 Be4 19. Bf3 Bxf3 20. Qxf3 Kh8 21.
Rc6 Ra7 22. Rec1 Nd7 23. Nxd7 Qxd7 24. d5 Rd8 25. e4 f6 26. Qf4 Rc8 27. d6 Rd8
28. h3 cxd6 29. Rxb6 d5 30. exd5 Qxd5 31. Rbc6 Qxa2 32. Qe3 Rad7 33. Rc8 Qg8 34.
R8c7 Rxc7 35. Rxc7 h6 36. Qg3 Rc8 37. Ra7 Ra8 38. Rb7 Qf8 39. b3 a5 40. Kh2 Qg8
41. Rd7 a4 42. bxa4 Rxa4 43. Rb7 Ra8 44. Qc7 Rf8 45. g4 f5 46. Qe5 fxg4 47. hxg4
Rxf2+ 48. Kg3 Rf7 49. Rb6 Rf6 50. Rxf6 gxf6 51. Qxf6+ Qg7 52. Qf5 Kg8 53. Qe6+
Kh7 54. Kf3 Qg6 55. Qd7+ Qg7 56. Qf5+ Qg6 57. Kf4 1/2-1/2

[Event "AUTO-INT-2929"]
[Site "http://www.queenalice.com/game.php?id=1354321"]
[Date "2015.4.18"]
[Round "2"]
[White "george76"]
[Black "rodracena"]
[Result "1-0"]
[WhiteElo "1628"]
[BlackElo "1830"]

1. c4 d5 2. cxd5 Qxd5 3. Nc3 Qa5 4. Nf3 c6 5. e3 Nd7 6. d4 Ngf6 7. Bd2 e6 8. Bd3
Be7 9. O-O O-O 10. Ne4 Qc7 11. Qc2 b6 12. Nxf6+ Nxf6 13. e4 g6 14. e5 Nd5 15. a3
Bb7 16. h4 c5 17. Rac1 Rac8 18. Bh6 Rfd8 19. Qb1 Bf8 20. Bg5 Re8 21. h5 Ne7 22.
Nh4 Nf5 23. hxg6 fxg6 24. Nxf5 gxf5 25. Bb5 Bc6 26. Bxc6 Qxc6 27. dxc5 bxc5 28.
Rc4 Qd5 29. Ra4 Qxe5 30. Rxa7 Rc7 31. Bf6 Qd6 32. Rxc7 Qxc7 33. b4 cxb4 34. axb4
Rb8 35. Qb3 Qf7 36. Qg3+ Qg6 37. Qxb8 Qxf6 38. Rd1 Kf7 39. Rd7+ Kg8 40. Rd8 Kg7
41. b5 Qc3 42. Qg3+ Qxg3 43. fxg3 Kf7 44. Rxf8+ Kxf8 45. b6 1-0

[Event "AUTO-INT-2929"]
[Site "http://www.queenalice.com/game.php?id=1354322"]
[Date "2015.4.18"]
[Round "2"]
[White "renet54"]
[Black "george76"]
[Result "0-1"]
[WhiteElo "1605"]
[BlackElo "1597"]

1. e4 e5 2. Nf3 Nc6 3. Bb5 Nf6 4. c3 Nxe4 5. O-O Bd6 6. d4 O-O 7. Qe2 f5 8. Bc4+
Kh8 9. dxe5 Nxe5 10. Nxe5 Bxe5 11. Nd2 d5 12. Bb3 c6 13. Nf3 Bf6 14. Bf4 Re8 15.
Qc2 Nc5 16. Rad1 Nxb3 17. Qxb3 Qe7 18. Rde1 Qf8 19. Qd1 Bd7 20. Be5 Be6 21. Nd4
Bg8 22. Nxf5 Bxe5 23. Qg4 Bf6 24. Rxe8 Rxe8 25. h4 Be6 26. Qh5 Bxf5 27. Qxf5
Bxh4 28. Qh5 Bd8 29. f4 Bb6+ 30. Kh1 Re6 31. Rf3 Rh6 0-1

[Event "AUTO-INT-2929"]
[Site "http://www.queenalice.com/game.php?id=1354323"]
[Date "2015.4.18"]
[Round "2"]
[White "george76"]
[Black "renet54"]
[Result "1-0"]
[WhiteElo "1613"]
[BlackElo "1589"]

1. c4 Nf6 2. g3 e6 3. Bg2 d5 4. Nf3 Bd6 5. cxd5 exd5 6. O-O O-O 7. d4 Nc6 8. Nc3
Bf5 9. e3 Qc8 10. Nh4 Bh3 11. Ne2 Bxg2 12. Kxg2 Qg4 13. Nc3 Qd7 14. Qb3 b6 15.
Nxd5 Na5 16. Nxf6+ gxf6 17. Qc3 Rac8 18. e4 c5 19. Be3 cxd4 20. Qxd4 Qe6 21. Qd5
Qe7 22. Nf5 Qd7 23. Qxd6 Qxd6 24. Nxd6 Rc2 25. b3 Rd8 26. Rfd1 Rd7 27. b4 Nc4
28. Nxc4 Rc7 29. Bh6 Rc8 30. Rd7 R2xc4 31. Rad1 Rxe4 32. Rd8+ 1-0